000 00897nas a2200289 4500
001 BR0201618
003 BR-BrBNA
005 20231205102827.0
007 ta
008 230509b bl.|||p| |||| 00| 00por d
040 _aBR-BrBNA
_bpor
_cBiblioteca Nacional de Agricultura
041 _a(Pt)
072 _aF01; P35
100 1 _aViana, S.B.A.
100 1 _aRodrigues, L.N.
100 1 _aFernandes, P.D.
100 1 _aGheyi, H.R.
245 1 _aProdução de alface em condições de salinidade a partir de mudas produzidas com e sem estresse salino
650 _aALFACE
650 _aMUDA
650 _aESTUFA
650 _aÁGUA DE IRRIGAÇÃO
650 _aSALINIDADE
773 0 _tRevista Brasileira de Engenharia Agrícola e Ambiental (Brazil)
_xISSN 1415-4366
_g(Jan-Apr 2001), v. 5(1) p. 60-66
_wBR0201618
909 _a202311
_bLúcia
_c55
_dLúcia Elande
942 _2AGRIS
_n0
_cANA
999 _c169545
_d169545